| 000 | 00000nas 2200000za 4500 |
| 001 | 9.512570 |
| 003 | CaOODSP |
| 005 | 20221107133848 |
| 007 | cr ||||||||||| |
| 008 | 150406d20132014oncar pso||||f0 a0eng|d |
| 040 | |aCaOODSP|beng |
| 043 | |an-cn--- |
| 086 | 1 |aCi1-8/10E-PDF |
| 245 | 00|aFacts and figures, immigrant overview |ptemporary residents |h[electronic resource]. |
| 260 | |aOttawa : |bCitizenship and Immigration Canada |
| 310 | |aAnnual |
| 362 | 0 |a2013-2014. |
| 500 | |aIssued also in French under title: Faits et chiffres, aperçu de l'immigration - résidents temporaires. |
| 710 | 1 |aCanada. |bCitizenship and Immigration Canada. |bResearch and Evaluation Branch. |
| 775 | 08|tFaits et chiffres, aperçu de l'immigration |w(CaOODSP)9.515931 |
| 780 | 00|tFacts and figures ..., immigration overview|w(CaOODSP)9.505817 |